[Event "Tradewise Gibraltar Master 2015"]
[Site "Gibraltar ENG"]
[Date "2015.02.01"]
[Round "6.80"]
[White "Frisk, Ellinor"]
[Black "Hewson, Brian Wr"]
[Result "1-0"]
[WhiteElo "2266"]
[BlackElo "2084"]
[PlyCount "125"]
[EventDate "2015.01.27"]
[EventType "swiss"]
[EventRounds "10"]
[EventCountry "ENG"]
[Source "lmi"]
[SourceDate "2015.01.27"]

1. d4 d5 2. c4 c6 3. Nc3 e6 4. e3 Nf6 5. Nf3 Nbd7 6. Bd3 Bd6 7. e4 dxe4 8. Nxe4
Nxe4 9. Bxe4 Nf6 10. Bc2 c5 11. O-O cxd4 12. Qxd4 Be7 13. Qc3 Qc7 14. Bg5 Bd7
15. b4 Rc8 16. Bd3 O-O 17. Qd4 h6 18. Bf4 Qb6 19. c5 Qd8 20. Ne5 Ba4 21. Qb2
Nd5 22. Bg3 Bf6 23. Qa3 b5 24. Be4 a5 25. bxa5 Qxa5 26. Bxd5 exd5 27. Rab1 Rfd8
28. Rfc1 Be7 29. Qe3 Bg5 30. Bf4 Bxf4 31. Qxf4 Qc7 32. Nd3 Qxf4 33. Nxf4 Rc6
34. Nd3 Rdc8 35. Kf1 Kf8 36. Ke2 Ke7 37. Ke3 Kf6 38. Kd2 d4 39. Re1 Re6 40.
Rbc1 Rxe1 41. Kxe1 Ke7 42. Nb4 Kd7 43. Kd2 Re8 44. Kd3 Kc8 45. h4 f5 46. g3 g5
47. hxg5 hxg5 48. c6 Re5 49. c7 Re6 50. Nd5 b4 51. Nxb4 f4 52. gxf4 gxf4 53.
Nd5 Bb5+ 54. Kxd4 Ba6 55. Nxf4 Rd6+ 56. Nd5 Bb7 57. Rc5 Bxd5 58. Rxd5 Ra6 59.
Rc5 Rxa2 60. f4 Ra7 61. Ke5 Rxc7 62. Rxc7+ Kxc7 63. Ke6 1-0

[Event "Tradewise Gibraltar Master 2015"]
[Site "Gibraltar ENG"]
[Date "2015.02.01"]
[Round "6.81"]
[White "Menna Barreto, Felipe Kubiaki"]
[Black "Freuler, Roman"]
[Result "1-0"]
[WhiteElo "2247"]
[BlackElo "2071"]
[PlyCount "59"]
[EventDate "2015.01.27"]
[EventType "swiss"]
[EventRounds "10"]
[EventCountry "ENG"]
[Source "lmi"]
[SourceDate "2015.01.27"]

1. Nf3 Nf6 2. c4 g6 3. Nc3 Bg7 4. e4 c5 5. d4 cxd4 6. Nxd4 d6 7. Be2 O-O 8. O-O
Nc6 9. Be3 Bd7 10. Rc1 Nxd4 11. Bxd4 Bc6 12. f3 Nd7 13. Bxg7 Kxg7 14. Qd4+ Kg8
15. b4 Qb6 16. Qxb6 Nxb6 17. Rfd1 Rac8 18. Kf2 Rc7 19. e5 dxe5 20. c5 Na4 21.
Nb5 Rd7 22. Nxa7 Rxd1 23. Bxd1 Nb2 24. Be2 Rd8 25. b5 Ra8 26. bxc6 Rxa7 27. c7
Ra8 28. c6 b5 29. Rb1 Nc4 30. Bxc4 1-0

[Event "Tradewise Gibraltar Master 2015"]
[Site "Gibraltar ENG"]
[Date "2015.02.01"]
[Round "6.82"]
[White "Skutta, Bernd"]
[Black "Galmandakh, Badrakh"]
[Result "0-1"]
[WhiteElo "2059"]
[BlackElo "2240"]
[PlyCount "80"]
[EventDate "2015.01.27"]
[EventType "swiss"]
[EventRounds "10"]
[EventCountry "ENG"]
[Source "lmi"]
[SourceDate "2015.01.27"]

1. d4 d6 2. e4 Nf6 3. Nc3 e5 4. Nf3 Nbd7 5. Bc4 Be7 6. O-O O-O 7. Re1 c6 8. a4
a5 9. b3 exd4 10. Nxd4 Nb6 11. Bf1 d5 12. e5 Ne8 13. Nce2 g6 14. Nf4 Ng7 15.
Bb2 f6 16. e6 Bd6 17. Qf3 Qc7 18. g3 Be5 19. Bh3 Qe7 20. Ba3 Bd6 21. Bb2 Be5
22. Re2 c5 23. c3 cxd4 24. cxd4 Bd6 25. Nxd5 Nxd5 26. Qxd5 Ra7 27. Qb5 Ne8 28.
d5 Bc5 29. b4 axb4 30. Rc2 b6 31. a5 Ba6 32. Qa4 Bb7 33. Qb3 bxa5 34. Qc4 Bd6
35. Bd4 Ra8 36. Qb5 a4 37. Rc4 Ba6 38. Qxa4 Bxc4 39. Qxa8 Nc7 40. Qa4 Bxd5 0-1

[Event "Tradewise Gibraltar Master 2015"]
[Site "Gibraltar ENG"]
[Date "2015.02.01"]
[Round "6.83"]
[White "Scharrer, Patrick"]
[Black "Gieritz, Dietmar"]
[Result "1-0"]
[WhiteElo "2231"]
[BlackElo "2048"]
[PlyCount "98"]
[EventDate "2015.01.27"]
[EventType "swiss"]
[EventRounds "10"]
[EventCountry "ENG"]
[Source "lmi"]
[SourceDate "2015.01.27"]

1. e4 e6 2. d3 d5 3. Qe2 Be7 4. Nf3 Nf6 5. g3 O-O 6. Bg2 Re8 7. O-O c5 8. e5
Nfd7 9. c4 Nf8 10. h4 Nc6 11. h5 f6 12. exf6 Bxf6 13. Nc3 Nd4 14. Qd1 dxc4 15.
dxc4 e5 16. Nd2 Rb8 17. Nde4 Bf5 18. Nxc5 Qc8 19. N5e4 Bg4 20. Qd3 Bxh5 21. Nd6
Qd7 22. Nxe8 Rxe8 23. Qe4 Kh8 24. Qxb7 Qe6 25. Qd5 Qa6 26. Be3 Rd8 27. Qb7 Qxc4
28. Rac1 Rd7 29. Qa8 Rd8 30. Qb7 Rd7 31. Qe4 Bg6 32. Qa8 Rd8 33. Qxa7 e4 34.
Nxe4 Ne2+ 35. Kh2 Nxc1 36. Rxc1 Qe6 37. Nxf6 Qxf6 38. Qa3 Ne6 39. Qc3 Qf5 40.
Kg1 h6 41. a4 Rd3 42. Qc6 Qe5 43. Qb6 Kh7 44. a5 Rd6 45. Qb4 Nd4 46. Bxd4 Rxd4
47. Qc5 Qf6 48. b4 h5 49. a6 h4 1-0

[Event "Tradewise Gibraltar Master 2015"]
[Site "Gibraltar ENG"]
[Date "2015.02.01"]
[Round "6.84"]
[White "Hommerson, Paul"]
[Black "Suez-Panama, Gilles"]
[Result "1-0"]
[WhiteElo "2229"]
[BlackElo "2030"]
[PlyCount "117"]
[EventDate "2015.01.27"]
[EventType "swiss"]
[EventRounds "10"]
[EventCountry "ENG"]
[Source "lmi"]
[SourceDate "2015.01.27"]

1. e4 e6 2. d4 d5 3. Nd2 Nf6 4. e5 Nfd7 5. Bd3 c5 6. c3 Nc6 7. Ne2 cxd4 8. cxd4
f6 9. exf6 Qxf6 10. Nf3 h6 11. O-O Bd6 12. Bc2 O-O 13. Qd3 Rd8 14. a3 Nf8 15.
b4 Bd7 16. Bb2 b5 17. Bc3 a6 18. Qe3 Be8 19. Ne5 Rac8 20. f4 Ne7 21. g4 Bxe5
22. fxe5 Qg5 23. Qg3 h5 24. Kh1 hxg4 25. Rf4 Nf5 26. Qf2 Ng6 27. Rxf5 exf5 28.
Bxf5 g3 29. hxg3 Rc7 30. Rd1 Qh6+ 31. Kg2 Qg5 32. Be6+ Bf7 33. Bd2 Qe7 34. Bf5
Rf8 35. Qe3 Rc6 36. Rh1 Re8 37. Qg1 Nxe5 38. dxe5 Qxe5 39. Nd4 Rf6 40. Bh7+ Kf8
41. Bd3 Bg6 42. Rh8+ Kf7 43. Rxe8 Qxe8 44. Bxg6+ Kxg6 45. Qe3 Qd7 46. Nf3 Kh7
47. Bc3 d4 48. Bxd4 Rc6 49. Qe4+ Kg8 50. Ng5 Kf8 51. Bc5+ Rxc5 52. Ne6+ Kg8 53.
Nxc5 Qd2+ 54. Kf1 Qc1+ 55. Qe1 Qxa3 56. Qe6+ Kh7 57. Qe4+ Kg8 58. Qd5+ Kh7 59.
Qd3+ 1-0

[Event "Tradewise Gibraltar Master 2015"]
[Site "Gibraltar ENG"]
[Date "2015.02.01"]
[Round "6.85"]
[White "Odeh, Kenneth"]
[Black "Barrenechea Bahamonde, Gustavo"]
[Result "1-0"]
[WhiteElo "1982"]
[BlackElo "2223"]
[PlyCount "112"]
[EventDate "2015.01.27"]
[EventType "swiss"]
[EventRounds "10"]
[EventCountry "ENG"]
[Source "lmi"]
[SourceDate "2015.01.27"]

1. e4 d5 2. exd5 Nf6 3. Nc3 Nxd5 4. Nxd5 Qxd5 5. Qf3 Qc5 6. c3 e5 7. b4 Qe7 8.
Bc4 e4 9. Qe3 Nd7 10. d3 exd3 11. Bxd3 Ne5 12. Be2 Bf5 13. Nf3 Nd3+ 14. Bxd3
Bxd3 15. Qxe7+ Bxe7 16. Bf4 O-O-O 17. O-O-O Be4 18. Rxd8+ Bxd8 19. Ne1 Bf6 20.
Bd2 Bd5 21. a3 Re8 22. Kc2 Re2 23. Rf1 Bg5 24. f4 Bh6 25. Kd3 Bc4+ 26. Kxc4
Rxd2 27. Kb3 Re2 28. Kc4 g6 29. Kd3 Re6 30. Nc2 Bg7 31. Nd4 Bxd4 32. cxd4 f5
33. Rc1 c6 34. d5 Rd6 35. Rc5 Kd7 36. Kd4 Ke7 37. a4 h6 38. Ke5 Kd7 39. dxc6+
bxc6 40. Ra5 Re6+ 41. Kd4 Re2 42. Rxa7+ Kd6 43. g3 Rd2+ 44. Kc3 Rxh2 45. Rg7
Kd5 46. Rxg6 Rf2 47. a5 Rf3+ 48. Kb2 Kc4 49. a6 Kxb4 50. Rxc6 Rxg3 51. Rb6+ Kc5
52. a7 Rg2+ 53. Ka1 Rg1+ 54. Rb1 Rg8 55. Rb8 Rg1+ 56. Ka2 Rg2+ 1-0

[Event "Tradewise Gibraltar Master 2015"]
[Site "Gibraltar ENG"]
[Date "2015.02.01"]
[Round "6.86"]
[White "Terron Elena, Francisco M"]
[Black "Machlik, Monika"]
[Result "1-0"]
[WhiteElo "2218"]
[BlackElo "2015"]
[PlyCount "85"]
[EventDate "2015.01.27"]
[EventType "swiss"]
[EventRounds "10"]
[EventCountry "ENG"]
[Source "lmi"]
[SourceDate "2015.01.27"]

1. d4 Nf6 2. c4 e6 3. Nc3 Bb4 4. g3 O-O 5. Bg2 d6 6. Nf3 Nbd7 7. O-O Bxc3 8.
bxc3 e5 9. Qc2 c5 10. Rd1 Qc7 11. a4 a5 12. Rb1 Rb8 13. Nd2 b6 14. Nf1 Ba6 15.
Ne3 Rbc8 16. Bh3 Rcd8 17. Ba3 Rfe8 18. Qb3 Bb7 19. Rb2 Bc6 20. Nd5 Bxd5 21.
cxd5 Re7 22. dxe5 Rxe5 23. c4 Rde8 24. e3 R5e7 25. Rc1 Ne5 26. Bg2 Nfg4 27. e4
Rf8 28. f3 Nh6 29. g4 f6 30. Rbb1 Nd7 31. Rc3 Nf7 32. Bc1 Rfe8 33. Bf4 Nfe5 34.
g5 fxg5 35. Bxg5 Rf7 36. Bh3 Kh8 37. Be6 Rff8 38. Kg2 Ng6 39. Bf5 Nge5 40. f4
Ng6 41. Rh3 Rxf5 42. exf5 Ngf8 43. Re3 1-0

[Event "Tradewise Gibraltar Master 2015"]
[Site "Gibraltar ENG"]
[Date "2015.02.01"]
[Round "6.87"]
[White "Al-Tamimi, Hamad"]
[Black "Green, Per"]
[Result "1-0"]
[WhiteElo "2214"]
[BlackElo "1996"]
[PlyCount "67"]
[EventDate "2015.01.27"]
[EventType "swiss"]
[EventRounds "10"]
[EventCountry "ENG"]
[Source "lmi"]
[SourceDate "2015.01.27"]

1. e4 e6 2. d4 d5 3. Nc3 Bb4 4. e5 c5 5. a3 Bxc3+ 6. bxc3 Qa5 7. Bd2 Qa4 8. Qb1
c4 9. h4 Nc6 10. h5 Bd7 11. h6 gxh6 12. Nf3 O-O-O 13. Bxh6 Nxh6 14. Rxh6 Rdg8
15. Qc1 Be8 16. g3 Rg6 17. Rh4 f6 18. Bh3 fxe5 19. Nxe5 Nxe5 20. dxe5 Qa5 21.
Qe3 Qb6 22. Qxb6 axb6 23. f4 Rxg3 24. Bxe6+ Bd7 25. Bxd7+ Kxd7 26. O-O-O Rxc3
27. Rxd5+ Kc7 28. Kb2 Re3 29. Rh6 Rf3 30. Rd4 b5 31. e6 Re3 32. f5 Re5 33. Rd7+
Kc8 34. Rf7 1-0

[Event "Tradewise Gibraltar Master 2015"]
[Site "Gibraltar ENG"]
[Date "2015.02.01"]
[Round "6.88"]
[White "Balogun, Oluwafemi"]
[Black "Adewole, Adeyinka"]
[Result "1-0"]
[WhiteElo "2193"]
[BlackElo "1962"]
[PlyCount "81"]
[EventDate "2015.01.27"]
[EventType "swiss"]
[EventRounds "10"]
[EventCountry "ENG"]
[Source "lmi"]
[SourceDate "2015.01.27"]

1. Nf3 Nf6 2. g3 b5 3. Bg2 Bb7 4. O-O e6 5. d3 c5 6. e4 Nc6 7. Re1 e5 8. a3 Be7
9. c3 a5 10. a4 b4 11. Nbd2 d6 12. Nc4 Ba6 13. Ne3 O-O 14. Qc2 b3 15. Qd1 Rb8
16. Ra3 c4 17. dxc4 d5 18. Rxb3 Rxb3 19. Qxb3 dxc4 20. Nxc4 Ng4 21. h3 Qd3 22.
hxg4 Qxc4 23. Qxc4 Bxc4 24. Bf1 Bb3 25. Bb5 Na7 26. Nxe5 Nxb5 27. axb5 Bd6 28.
Nc6 a4 29. Be3 Re8 30. Bd4 Be6 31. e5 Bxg4 32. Ra1 Bc7 33. Rxa4 Bf3 34. Ra7 Bd6
35. Kh2 Bf8 36. Rc7 Re6 37. g4 g5 38. Kg3 Bd5 39. b3 f6 40. c4 Be4 41. Rc8 1-0

[Event "Tradewise Gibraltar Master 2015"]
[Site "Gibraltar ENG"]
[Date "2015.02.01"]
[Round "6.90"]
[White "Zimmermann, Rene"]
[Black "Whatley, Stephen A J"]
[Result "1/2-1/2"]
[WhiteElo "2172"]
[BlackElo "1949"]
[PlyCount "128"]
[EventDate "2015.01.27"]
[EventType "swiss"]
[EventRounds "10"]
[EventCountry "ENG"]
[Source "lmi"]
[SourceDate "2015.01.27"]

1. Nf3 Nf6 2. g3 g6 3. Bg2 Bg7 4. O-O O-O 5. d3 d5 6. Nbd2 c5 7. e4 Nc6 8. Re1
h6 9. c3 e5 10. a4 Be6 11. Qc2 Rc8 12. exd5 Nxd5 13. Nc4 Qc7 14. Nh4 Rce8 15.
Bd2 a6 16. a5 Nde7 17. Qa4 Rd8 18. Be3 Na7 19. Qa3 Rc8 20. Nb6 Nb5 21. Qa4 Rcd8
22. Rad1 g5 23. Nf3 Nf5 24. c4 Na7 25. b4 cxb4 26. Qxb4 Nc6 27. Qc5 g4 28. Nh4
Nxe3 29. Rxe3 Qd6 30. Qxd6 Rxd6 31. Rb1 Rfd8 32. Na4 Nxa5 33. Be4 b5 34. cxb5
axb5 35. Rxb5 Nb3 36. Nc5 Nd4 37. Nxe6 Nxb5 38. Nxd8 Rxd8 39. Nf5 Bf8 40. Re1
Nd6 41. Nxd6 Bxd6 42. Kg2 Kg7 43. h3 gxh3+ 44. Kxh3 Bc5 45. Re2 Bd4 46. Rc2 Rb8
47. f3 Rd8 48. Rc7 Rd6 49. Kg4 Bg1 50. Rc2 Bd4 51. Rh2 Rf6 52. Ra2 Rd6 53. Ra4
Rd8 54. Ra6 Bc5 55. Rc6 Bd4 56. f4 exf4 57. Kxf4 Bf2 58. g4 Bd4 59. g5 hxg5+
60. Kxg5 Be3+ 61. Kf5 Bd4 62. Ra6 Rd7 63. Ra5 Bc3 64. Rb5 Rd6 1/2-1/2

[Event "Tradewise Gibraltar Master 2015"]
[Site "Gibraltar ENG"]
[Date "2015.02.01"]
[Round "6.91"]
[White "Heer, Stephan"]
[Black "Weishaeutel, Moritz"]
[Result "1-0"]
[WhiteElo "2157"]
[BlackElo "1905"]
[PlyCount "123"]
[EventDate "2015.01.27"]
[EventType "swiss"]
[EventRounds "10"]
[EventCountry "ENG"]
[Source "lmi"]
[SourceDate "2015.01.27"]

1. Nf3 d5 2. g3 c6 3. Bg2 Bg4 4. O-O Nf6 5. c4 Nbd7 6. cxd5 cxd5 7. d3 e6 8.
Nc3 Be7 9. h3 Bh5 10. e4 O-O 11. exd5 Nxd5 12. Nxd5 exd5 13. d4 Rc8 14. Qb3 Nb6
15. a4 Qc7 16. Re1 Rfe8 17. Ne5 Qc2 18. Qb5 Bd6 19. a5 Nc4 20. Qxd5 Nxe5 21.
dxe5 Bb4 22. Be4 Qc5 23. Re3 Qxd5 24. Bxd5 Red8 25. Bb3 Bd1 26. Kg2 Rc5 27. a6
bxa6 28. e6 Bxb3 29. Rxb3 a5 30. Be3 Rc2 31. exf7+ Kxf7 32. Bxa7 Rdd2 33. Rf3+
Kg8 34. Re1 Rd8 35. Rb1 Rdd2 36. b3 Rc7 37. Bb6 Rc6 38. Re1 h6 39. Re8+ Kh7 40.
Be3 Rd3 41. Bf4 Rxf3 42. Kxf3 Rc3+ 43. Re3 Rc2 44. Rd3 Kg6 45. Be3 Kf5 46. g4+
Ke6 47. Ke4 Bc5 48. Bd2 Ra2 49. f4 a4 50. f5+ Ke7 51. bxa4 Rxa4+ 52. Kd5 Bg1
53. Bc3 Kf7 54. Rd1 Bh2 55. Rb1 Ra7 56. Rb6 Rd7+ 57. Ke4 Rc7 58. Bd4 Rd7 59.
Rg6 Kf8 60. f6 Kg8 61. fxg7 Rd6 62. Bf6 1-0

[Event "Tradewise Gibraltar Master 2015"]
[Site "Gibraltar ENG"]
[Date "2015.02.01"]
[Round "6.92"]
[White "Lochte, Szilvia"]
[Black "Elishev, Ivan"]
[Result "0-1"]
[WhiteElo "1934"]
[BlackElo "2153"]
[PlyCount "52"]
[EventDate "2015.01.27"]
[EventType "swiss"]
[EventRounds "10"]
[EventCountry "ENG"]
[Source "lmi"]
[SourceDate "2015.01.27"]

1. d4 Nf6 2. Nf3 g6 3. g3 Bg7 4. Bg2 O-O 5. O-O c5 6. dxc5 Na6 7. Bf4 Nxc5 8.
Nbd2 d6 9. Nc4 b5 10. Nxd6 exd6 11. Bxd6 Qb6 12. Bxf8 Bxf8 13. Ne5 Bb7 14. c3
Re8 15. Nd3 h5 16. Nxc5 Bxg2 17. Nd7 Nxd7 18. Kxg2 Qc6+ 19. f3 Ne5 20. e4 Nc4
21. Qc1 Kh7 22. Qf4 f5 23. b3 Bh6 24. Qh4 Ne3+ 25. Kg1 Nxf1 26. Rxf1 fxe4 0-1

[Event "Tradewise Gibraltar Master 2015"]
[Site "Gibraltar ENG"]
[Date "2015.02.01"]
[Round "6.94"]
[White "Havik, Victor"]
[Black "Curado, Manuel Joao Ferro"]
[Result "1-0"]
[WhiteElo "2137"]
[BlackElo "1860"]
[PlyCount "67"]
[EventDate "2015.01.27"]
[EventType "swiss"]
[EventRounds "10"]
[EventCountry "ENG"]
[Source "lmi"]
[SourceDate "2015.01.27"]

1. d4 Nf6 2. c4 e6 3. Nf3 c5 4. e3 b6 5. d5 d6 6. Nc3 Be7 7. h3 O-O 8. Bd3 Ba6
9. e4 Re8 10. O-O Nbd7 11. Qc2 e5 12. Ne2 Nf8 13. g3 Bc8 14. Kg2 Ng6 15. Nfg1
Bd7 16. f4 exf4 17. gxf4 Qc8 18. Ng3 Bf8 19. b3 Rb8 20. Bb2 b5 21. Rae1 bxc4
22. bxc4 Qc7 23. Bc3 Rb7 24. Rf2 h5 25. Qd1 Nh4+ 26. Kh2 Bg4 27. Qa1 Bc8 28.
Bxf6 gxf6 29. Qxf6 Qe7 30. Nxh5 Bd7 31. Re3 Reb8 32. Rg3+ Ng6 33. Qc3 Qh4 34.
Nf6+ 1-0

[Event "Tradewise Gibraltar Master 2015"]
[Site "Gibraltar ENG"]
[Date "2015.02.01"]
[Round "6.95"]
[White "Gonzalez Espana, Maria Gabriel"]
[Black "Hoffmann, Hendrik"]
[Result "0-1"]
[WhiteElo "1917"]
[BlackElo "2206"]
[PlyCount "94"]
[EventDate "2015.01.27"]
[EventType "swiss"]
[EventRounds "10"]
[EventCountry "ENG"]
[Source "lmi"]
[SourceDate "2015.01.27"]

1. c4 c5 2. Nc3 Nc6 3. g3 g6 4. Bg2 Bg7 5. Nf3 Nf6 6. O-O O-O 7. d4 cxd4 8.
Nxd4 d6 9. Bg5 Qa5 10. Nxc6 bxc6 11. Qd2 Qc7 12. Bh6 Rb8 13. Bxg7 Kxg7 14. Rac1
Bg4 15. h3 Be6 16. b3 a5 17. Qf4 c5 18. g4 h6 19. Qg3 Bd7 20. f4 a4 21. bxa4
Rb4 22. g5 hxg5 23. fxg5 Nh5 24. Qe3 Qd8 25. Nd5 Rxa4 26. Rb1 e5 27. Rb7 Be6
28. Nf6 Rb4 29. Nxh5+ gxh5 30. Rxb4 cxb4 31. Rf6 Qc8 32. Qf3 Rh8 33. g6 fxg6
34. Rxe6 Qxe6 35. Qb7+ Qf7 36. Qxb4 Qc7 37. a4 Rb8 38. Qc3 Qa7+ 39. Kh2 Qxa4
40. Bd5 Rf8 41. Bf3 Qa7 42. Kg2 Rf5 43. Qd2 Qe7 44. Be4 Rf4 45. Bf3 Qf6 46. Qd5
e4 47. Bxe4 Rf2+ 0-1

[Event "Tradewise Gibraltar Master 2015"]
[Site "Gibraltar ENG"]
[Date "2015.02.01"]
[Round "6.96"]
[White "Schneider, German"]
[Black "Fomani, Medhi"]
[Result "1-0"]
[WhiteElo "2150"]
[BlackElo "2033"]
[PlyCount "57"]
[EventDate "2015.01.27"]
[EventType "swiss"]
[EventRounds "10"]
[EventCountry "ENG"]
[Source "lmi"]
[SourceDate "2015.01.27"]

1. d4 d5 2. Bf4 c6 3. c4 e6 4. Nf3 Nf6 5. e3 Bd6 6. Ne5 O-O 7. Nd2 Re8 8. Be2
Qe7 9. c5 Bxe5 10. Bxe5 Nbd7 11. Bd6 Qd8 12. f4 Ne4 13. Nxe4 dxe4 14. O-O f5
15. Kh1 Nf6 16. Rg1 Kf7 17. g4 g6 18. g5 Nd5 19. Qd2 Qd7 20. Rg3 Kg8 21. h4 Kf7
22. h5 Rg8 23. hxg6+ hxg6 24. Rh3 Ke8 25. Kg2 b5 26. Rah1 Qf7 27. Qa5 Bb7 28.
Kf2 Kd7 29. Be5 1-0

[Event "Tradewise Gibraltar Master 2015"]
[Site "Gibraltar ENG"]
[Date "2015.02.01"]
[Round "6.97"]
[White "Jurdao Perez, Marcos Ernesto"]
[Black "Lobersli, Henrik Oie"]
[Result "1/2-1/2"]
[WhiteElo "2131"]
[BlackElo "1957"]
[PlyCount "80"]
[EventDate "2015.01.27"]
[EventType "swiss"]
[EventRounds "10"]
[EventCountry "ENG"]
[Source "lmi"]
[SourceDate "2015.01.27"]

1. g3 Nf6 2. Bg2 e6 3. c4 c5 4. Nc3 Be7 5. e3 O-O 6. Nge2 a6 7. d4 cxd4 8. exd4
Qc7 9. Qd3 d6 10. O-O Nbd7 11. f4 Rb8 12. b3 b6 13. Bb2 Bb7 14. Bxb7 Qxb7 15.
Qf3 b5 16. Qxb7 Rxb7 17. cxb5 axb5 18. Rfc1 b4 19. Nd1 Nd5 20. Rc2 Ra8 21. Bc1
g6 22. Bd2 Bf6 23. Nf2 Bg7 24. Rac1 Kf8 25. Rc8+ Rxc8 26. Rxc8+ Ke7 27. Kg2 e5
28. dxe5 dxe5 29. Kf3 f5 30. fxe5 Nxe5+ 31. Kg2 Ra7 32. Rc2 Kd7 33. Nf4 Nxf4+
34. Bxf4 Nc6 35. Be3 Ra5 36. Nd3 Bc3 37. Bc5 Ke6 38. Nf4+ Kd7 39. Nd3 Ke6 40.
Nf4+ Kd7 1/2-1/2

[Event "Tradewise Gibraltar Master 2015"]
[Site "Gibraltar ENG"]
[Date "2015.02.01"]
[Round "6.98"]
[White "Beltz, Franziska"]
[Black "Opasiak, Dustin Tennessee"]
[Result "1-0"]
[WhiteElo "2130"]
[BlackElo "1729"]
[PlyCount "35"]
[EventDate "2015.01.27"]
[EventType "swiss"]
[EventRounds "10"]
[EventCountry "ENG"]
[Source "lmi"]
[SourceDate "2015.01.27"]

1. e4 e5 2. d4 exd4 3. Qxd4 Nc6 4. Qe3 d6 5. Bd2 Be6 6. Nc3 Nf6 7. O-O-O Ng4 8.
Qg3 Qe7 9. Nd5 Qd7 10. Bc3 h5 11. f4 h4 12. Qe1 O-O-O 13. h3 Bxd5 14. exd5 Re8
15. dxc6 Qxc6 16. Qd2 Nf6 17. Bd3 Nd5 18. Bf5+ 1-0

[Event "Tradewise Gibraltar Master 2015"]
[Site "Gibraltar ENG"]
[Date "2015.02.01"]
[Round "6.99"]
[White "Lien, Kjell Hakon"]
[Black "Wiedersich, Jens"]
[Result "1/2-1/2"]
[WhiteElo "2020"]
[BlackElo "2125"]
[PlyCount "73"]
[EventDate "2015.01.27"]
[EventType "swiss"]
[EventRounds "10"]
[EventCountry "ENG"]
[Source "lmi"]
[SourceDate "2015.01.27"]

1. d4 Nf6 2. c4 c5 3. d5 b5 4. cxb5 a6 5. bxa6 Bxa6 6. Nc3 d6 7. e4 Bxf1 8.
Kxf1 g6 9. g3 Bg7 10. Kg2 Qb6 11. Nf3 Nbd7 12. Qe2 O-O 13. a4 Ng4 14. Nd2 Ngf6
15. Nb5 Qb7 16. Ra3 Rfb8 17. b3 Ne8 18. Nc4 Nc7 19. Nxc7 Qxc7 20. Bb2 Rb4 21.
Bxg7 Kxg7 22. Rha1 Qb7 23. Qc2 Kg8 24. a5 Ra6 25. f3 f6 26. g4 Qa8 27. Kg3 Kf7
28. h4 Rb8 29. Qd2 Kg7 30. f4 Qb7 31. Rb1 Qb4 32. Qxb4 cxb4 33. Ra2 Rc8 34. Kf3
Nc5 35. h5 Nxb3 36. Rxb3 Rxc4 37. hxg6 1/2-1/2

[Event "Tradewise Gibraltar Master 2015"]
[Site "Gibraltar ENG"]
[Date "2015.02.01"]
[Round "6.100"]
[White "Danielsson, Robert"]
[Black "Burke, Mitchell R"]
[Result "1/2-1/2"]
[WhiteElo "2121"]
[BlackElo "1928"]
[PlyCount "60"]
[EventDate "2015.01.27"]
[EventType "swiss"]
[EventRounds "10"]
[EventCountry "ENG"]
[Source "lmi"]
[SourceDate "2015.01.27"]

1. d4 Nf6 2. c4 g6 3. Nc3 Bg7 4. e4 d6 5. f3 O-O 6. Be3 e5 7. d5 Nh5 8. Qd2 f5
9. O-O-O a6 10. Bd3 Nf6 11. Kb1 Qe8 12. Rc1 b6 13. Nge2 f4 14. Bf2 Nbd7 15. Bc2
g5 16. Ba4 Rb8 17. Rc2 g4 18. Nc1 Qh5 19. Qd1 Nc5 20. Bc6 Nb7 21. Bxb7 Rxb7 22.
Nd3 gxf3 23. gxf3 Bh3 24. Ne1 Nd7 25. b4 Rf6 26. Ka1 Bf8 27. c5 dxc5 28. bxc5
Bxc5 29. Bxc5 Nxc5 30. Nd3 Nxd3 1/2-1/2

[Event "Tradewise Gibraltar Master 2015"]
[Site "Gibraltar ENG"]
[Date "2015.02.01"]
[Round "6.101"]
[White "Othman, Mustapha"]
[Black "Osuna Vega, Enrique"]
[Result "1-0"]
[WhiteElo "1968"]
[BlackElo "2108"]
[PlyCount "87"]
[EventDate "2015.01.27"]
[EventType "swiss"]
[EventRounds "10"]
[EventCountry "ENG"]
[Source "lmi"]
[SourceDate "2015.01.27"]

1. e4 d6 2. d4 Nf6 3. Nc3 e5 4. Nf3 Nbd7 5. Bc4 Be7 6. Ng5 O-O 7. Bxf7+ Rxf7 8.
Ne6 Qe8 9. Nxc7 Qd8 10. Ne6 Qb6 11. Be3 exd4 12. Bxd4 Nc5 13. Ng5 Rf8 14. O-O
Qc6 15. f4 Ncxe4 16. Ncxe4 Nxe4 17. Nxe4 Bf5 18. Nc3 b5 19. Qf3 Qc8 20. Nd5 Bh4
21. Ne3 Bd7 22. Qh5 Bd8 23. f5 Bf6 24. c3 Be8 25. Qg4 Bc6 26. Qf4 Qb7 27. Qxd6
Rae8 28. Rf2 Re4 29. Bxf6 Rxf6 30. Qc5 Rf8 31. Raf1 Rfe8 32. f6 gxf6 33. Rxf6
Qg7 34. Rxc6 Rxe3 35. Rc7 Qg4 36. Qd5+ R3e6 37. Rc6 Kg7 38. Rxe6 Rxe6 39. Qd7+
Kh6 40. h3 Qg6 41. Qxb5 Qg3 42. Qf5 Qe3+ 43. Qf2 Qd3 44. Qf4+ 1-0

[Event "Tradewise Gibraltar Master 2015"]
[Site "Gibraltar ENG"]
[Date "2015.02.01"]
[Round "6.102"]
[White "Godinho Marques, Pedro"]
[Black "Amos, Frank"]
[Result "0-1"]
[WhiteElo "1950"]
[BlackElo "2097"]
[PlyCount "100"]
[EventDate "2015.01.27"]
[EventType "swiss"]
[EventRounds "10"]
[EventCountry "ENG"]
[Source "lmi"]
[SourceDate "2015.01.27"]

1. Nf3 d5 2. c4 c6 3. b3 Bg4 4. Bb2 e6 5. e3 Nf6 6. Be2 Nbd7 7. Ne5 Nxe5 8.
Bxe5 Bxe2 9. Qxe2 Bd6 10. f4 Bxe5 11. fxe5 Ne4 12. O-O Qg5 13. d4 f6 14. exf6
Nxf6 15. Nd2 O-O 16. Rf4 Nd7 17. Raf1 Qe7 18. Rxf8+ Rxf8 19. Rxf8+ Kxf8 20.
Qf2+ Ke8 21. c5 Qg5 22. Qf4 Qg6 23. e4 Qf6 24. Qxf6 gxf6 25. Kf2 a5 26. Ke3 e5
27. a3 Ke7 28. b4 axb4 29. axb4 Ke6 30. g4 Nb8 31. dxe5 fxe5 32. exd5+ cxd5 33.
b5 Nd7 34. Nb3 d4+ 35. Ke4 Nf6+ 36. Kd3 Nxg4 37. Na5 Kd5 38. Nxb7 e4+ 39. Kd2
Ne5 40. c6 Nc4+ 41. Ke1 d3 42. Na5 Nb6 43. Kd2 Kd4 44. c7 e3+ 45. Ke1 Kc3 46.
Nc6 h5 47. h4 Nc8 48. Kd1 e2+ 49. Ke1 Nb6 50. Ne7 Kc2 0-1

[Event "Tradewise Gibraltar Master 2015"]
[Site "Gibraltar ENG"]
[Date "2015.02.01"]
[Round "6.103"]
[White "Compton, Alistair"]
[Black "Klug, Christian"]
[Result "1-0"]
[WhiteElo "2071"]
[BlackElo "1884"]
[PlyCount "27"]
[EventDate "2015.01.27"]
[EventType "swiss"]
[EventRounds "10"]
[EventCountry "ENG"]
[Source "lmi"]
[SourceDate "2015.01.27"]

1. e4 c6 2. d4 d5 3. Nc3 dxe4 4. Nxe4 Bf5 5. Ng3 Bg6 6. h4 h6 7. Nf3 Nf6 8. Ne5
Bh7 9. Bc4 e6 10. Qe2 Nd5 11. O-O Be7 12. Nh5 Bf6 13. Nxf6+ Qxf6 14. Bxd5 1-0

[Event "Tradewise Gibraltar Master 2015"]
[Site "Gibraltar ENG"]
[Date "2015.02.01"]
[Round "6.105"]
[White "Machlik, Edit"]
[Black "Byrn, Carsten"]
[Result "1/2-1/2"]
[WhiteElo "1913"]
[BlackElo "2044"]
[PlyCount "68"]
[EventDate "2015.01.27"]
[EventType "swiss"]
[EventRounds "10"]
[EventCountry "ENG"]
[Source "lmi"]
[SourceDate "2015.01.27"]

1. d4 Nf6 2. c4 c5 3. d5 b5 4. Qc2 Na6 5. a3 bxc4 6. e4 Nc7 7. Bxc4 e6 8. Nc3
exd5 9. exd5 d6 10. Bf4 Be7 11. Nge2 O-O 12. O-O Re8 13. Ng3 g6 14. Rfe1 Bf8
15. b4 Rxe1+ 16. Rxe1 cxb4 17. axb4 Na6 18. Qa4 Qb6 19. Nb5 Bd7 20. Be3 Qb7 21.
Nxd6 Qxb4 22. Qxb4 Nxb4 23. Nge4 Nxe4 24. Nxe4 Nc2 25. Rb1 Nxe3 26. fxe3 Bf5
27. Bd3 Bxe4 28. Bxe4 Re8 29. Bf3 Bc5 30. Rd1 Rxe3 31. Kf1 Bd6 32. h3 Kf8 33.
Ra1 Bg3 34. Be2 Re7 1/2-1/2